[Event "Titled Tuesday intern op 21st May Late"]
[Site "Chess.com INT"]
[Date "2024.05.21"]
[Round "2"]
[White "Bardyk, Artem"]
[Black "Ladan, Nicholas John"]
[Result "1-0"]
[WhiteElo "2318"]
[BlackElo "2171"]
[PlyCount "59"]
[EventDate "2024.05.21"]
[EventType "swiss (blitz)"]
[EventRounds "11"]
[EventCountry "USA"]
[SourceTitle "CB22_2024"]
[SourceDate "2024.05.29"]
[SourceVersion "1"]
[SourceVersionDate "2024.05.29"]
[SourceQuality "1"]

1. d4 d5 2. Nc3 Nf6 3. Bf4 Bf5 4. e3 e6 5. Nf3 Nbd7 6. Ne5 Bb4 7. g4 Nxe5 8. gxf5 Bxc3+ 9. bxc3 Nc4 10. fxe6 fxe6 11. Rg1 0-0 12. Bd3 Nb2 13. Qf3 Nxd3+ 14. cxd3 Rf7 15. Qh3 Qd7 16. Be5 Re8 17. a4 Qc6 18. Kd2 Nd7 19. f4 Nxe5 20. dxe5 d4 21. cxd4 Qa6 22. a5 Rd8 23. Rgc1 Rd5 24. Ke2 Rb5 25. Rc2 Rb3 26. Rd1 Rf5 27. d5 g6 28. Rxc7 exd5 29. Qxh7+ Kf8 30. Qh8# 1-0

[Event "Titled Tuesday intern op 21st May Late"]
[Site "Chess.com INT"]
[Date "2024.05.21"]
[Round "6"]
[White "Bynum, Jacorey"]
[Black "Ladan, Nicholas John"]
[Result "0-1"]
[WhiteElo "1966"]
[BlackElo "2171"]
[PlyCount "252"]
[EventDate "2024.05.21"]
[EventType "swiss (blitz)"]
[EventRounds "11"]
[EventCountry "USA"]
[SourceTitle "CB22_2024"]
[SourceDate "2024.05.29"]
[SourceVersion "1"]
[SourceVersionDate "2024.05.29"]
[SourceQuality "1"]

1. e4 e5 2. Nf3 Nc6 3. Bc4 Nf6 4. Ng5 d5 5. exd5 Na5 6. Bb5+ c6 7. dxc6 bxc6 8. Bd3 Nd5 9. Ne4 Bd6 10. Nxd6+ Qxd6 11. 0-0 0-0 12. b3 f5 13. Bb2 Nf4 14. Re1 Nxd3 15. cxd3 Re8 16. Qf3 Rb8 17. Na3 c5 18. Qg3 f4 19. Qg5 Bb7 20. Bxe5 Rxe5 21. Qxe5 Rd8 22. Qxd6 Rxd6 23. Rac1 Rg6 24. g3 Nc6 25. Nc2 Rg5 26. Re4 fxg3 27. fxg3 Ne5 28. Rxe5 Rxe5 29. Ne3 Kf7 30. Rc3 Ke7 31. Kf2 h5 32. h3 g5 33. g4 h4 34. Rc4 Kd7 35. b4 cxb4 36. Rxb4 Kc7 37. Rc4+ Kd7 38. d4 Ra5 39. Rb4 Be4 40. Rb2 Ra6 41. Nc4 Rf6+ 42. Ke2 Bf3+ 43. Ke3 Bg2 44. Ne5+ Kc7 45. Rc2+ Kb7 46. Nd7 Rf3+ 47. Ke2 Rxh3 48. Nc5+ Kb6 49. Ne6 Bf3+ 50. Kf2 Bxg4 51. Nxg5 Rh2+ 52. Ke3 h3 53. d5 Rg2 54. Rb2+ Kc5 55. Nxh3 Bxh3 56. d4+ Kd6 57. Rb7 Rg3+ 58. Kd2 Rg5 59. Rxa7 Rxd5 60. Kc3 Rh5 61. a4 Bd7 62. Kb4 Rh4 63. Ra6+ Bc6 64. Kc4 Rh1 65. a5 Rc1+ 66. Kd3 Kd5 67. Rb6 Kd6 68. a6 Kc7 69. Rb2 Ra1 70. Kc4 Kd6 71. Rb6 Kc7 72. Rb3 Rxa6 73. d5 Bd7 74. Kc5 Ra5+ 75. Kd4 Ra4+ 76. Ke5 Ra1 77. Rc3+ Kd8 78. Kd6 Ra6+ 79. Ke5 Rh6 80. Rg3 Be8 81. Rg7 Ra6 82. Rb7 Bd7 83. d6 Ke8 84. Rb8+ Kf7 85. Rd8 Bc6 86. Rc8 Bd7 87. Rh8 Ra7 88. Rh7+ Ke8 89. Re7+ Kd8 90. Kf6 Ra6 91. Ke5 Ra5+ 92. Kf6 Rd5 93. Re3 Rxd6+ 94. Ke5 Rc6 95. Kf4 Rf6+ 96. Ke5 Re6+ 97. Kd4 Rd6+ 98. Ke4 Ke7 99. Kf4+ Kf6 100. Re4 Bc6 101. Rb4 Bd5 102. Ke3 Ke5 103. Rh4 Rg6 104. Rh5+ Kd6 105. Kf4 Rf6+ 106. Ke3 Rf3+ 107. Kd4 Rf4+ 108. Kd3 Kc5 109. Rh6 Rf3+ 110. Ke2 Kd4 111. Rh4+ Be4 112. Rh8 Rg3 113. Rd8+ Bd5 114. Kf2 Rg2+ 115. Kf1 Rb2 116. Re8 Be4 117. Rc8 Ke3 118. Rc3+ Bd3+ 119. Kg1 Rd2 120. Rc7 Be4 121. Rf7 Rg2+ 122. Kf1 Rh2 123. Kg1 Rg2+ 124. Kf1 Rg6 125. Rf8 Bd3+ 126. Ke1 Rg1+ 0-1

[Event "Titled Tuesday intern op 21st May Early"]
[Site "Chess.com INT"]
[Date "2024.05.21"]
[Round "1"]
[White "Gazineu Neto, Rubens"]
[Black "Ladan, Nicholas John"]
[Result "0-1"]
[WhiteElo "1951"]
[BlackElo "2171"]
[PlyCount "40"]
[EventDate "2024.05.21"]
[EventType "swiss (blitz)"]
[EventRounds "11"]
[EventCountry "USA"]
[SourceTitle "CB22_2024"]
[SourceDate "2024.05.29"]
[SourceVersion "1"]
[SourceVersionDate "2024.05.29"]
[SourceQuality "1"]

1. e4 e5 2. Nf3 Nc6 3. Bb5 a6 4. Ba4 d6 5. c3 g5 6. d4 g4 7. Ng1 Bd7 8. Be3 Bg7 9. d5 Nce7 10. Bxd7+ Qxd7 11. f3 f5 12. fxg4 fxe4 13. c4 0-0-0 14. Nc3 Nf6 15. h3 Ng6 16. Nge2 Nh4 17. 0-0 Rdf8 18. g5 Ng4 19. hxg4 Qxg4 20. Kh2 Qxg2# 0-1

[Event "Titled Tuesday intern op 21st May Late"]
[Site "Chess.com INT"]
[Date "2024.05.21"]
[Round "10"]
[White "Khakhinov, Ilya"]
[Black "Ladan, Nicholas John"]
[Result "0-1"]
[WhiteElo "2236"]
[BlackElo "2171"]
[PlyCount "218"]
[EventDate "2024.05.21"]
[EventType "swiss (blitz)"]
[EventRounds "11"]
[EventCountry "USA"]
[SourceTitle "CB22_2024"]
[SourceDate "2024.05.29"]
[SourceVersion "1"]
[SourceVersionDate "2024.05.29"]
[SourceQuality "1"]

1. e4 b6 2. d4 Bb7 3. Nc3 e6 4. Nf3 Bb4 5. Bd3 Nf6 6. Qe2 c5 7. dxc5 Bxc5 8. 0-0 0-0 9. Bg5 h6 10. Bh4 Be7 11. Bxf6 Bxf6 12. e5 Be7 13. Rad1 d5 14. exd6 Bxd6 15. Be4 Bd5 16. Nxd5 exd5 17. Bxd5 Nc6 18. Bxc6 Rc8 19. Bd5 Qc7 20. c4 Bc5 21. a3 a5 22. Qd3 Qf4 23. Qe4 Qf6 24. Rd2 Rfe8 25. Qd3 g5 26. h3 h5 27. Qc3 Qg6 28. Qc2 Qg7 29. Qf5 g4 30. hxg4 hxg4 31. Ng5 Rc7 32. Bxf7+ Rxf7 33. Qxf7+ Qxf7 34. Nxf7 Kxf7 35. g3 Re4 36. Rc1 Kf6 37. Kg2 Kf5 38. Rcc2 Re1 39. Re2 Rd1 40. Rcd2 Rc1 41. Rd5+ Kf6 42. Rdd2 Rxc4 43. f3 Kf5 44. Rd5+ Kf6 45. fxg4 Rxg4 46. Kf3 Rc4 47. Rdd2 Rc1 48. Re4 Rf1+ 49. Kg4 Rg1 50. Rde2 Kf7 51. Rf4+ Kg6 52. Rf3 Kg7 53. Kf4 Bd6+ 54. Kg4 Bc5 55. Kh3 Rh1+ 56. Kg2 Rg1+ 57. Kh2 Rd1 58. Rf5 Kg6 59. Rfe5 Kf6 60. Re6+ Kf5 61. R2e5+ Kg4 62. Re4+ Kf5 63. R6e5+ Kf6 64. Re2 Bg1+ 65. Kh3 Bc5 66. Kg4 Rd4+ 67. R5e4 Rd5 68. Re6+ Kf7 69. R6e5 Rd4+ 70. R2e4 Rd2 71. Rf5+ Kg6 72. b4 axb4 73. axb4 Bf2 74. Re6+ Kg7 75. Rxb6 Bxb6 76. Re5 Rd4+ 77. Kf5 Rxb4 78. g4 Bd4 79. Rd5 Bb2 80. g5 Kf7 81. Rd7+ Ke8 82. Rd6 Rb5+ 83. Kg6 Ke7 84. Ra6 Bc1 85. Ra7+ Ke6 86. Ra6+ Kd7 87. Ra7+ Kc6 88. Kf6 Bxg5+ 89. Ke6 Be3 90. Ra1 Bc5 91. Rc1 Rb8 92. Kf5 Re8 93. Ra1 Kd5 94. Ra5 Rf8+ 95. Kg5 Rf2 96. Kg4 Kd6 97. Kg5 Be3+ 98. Kg4 Bd4 99. Kg5 Ke6 100. Kg4 Be5 101. Rb5 Rf4+ 102. Kg5 Rf3 103. Kg4 Rg3+ 104. Kh4 Rg8 105. Ra5 Kf5 106. Kh3 Rg3+ 107. Kh4 Rc3 108. Rb5 Rc8 109. Ra5 Rh8# 0-1

[Event "Titled Tuesday intern op 23rd Apr Late"]
[Site "Chess.com INT"]
[Date "2024.04.23"]
[Round "3"]
[White "Rustemov, Alexander"]
[Black "Ladan, Nicholas John"]
[Result "1-0"]
[WhiteElo "2525"]
[BlackElo "2178"]
[PlyCount "45"]
[EventDate "2024.04.23"]
[EventType "swiss (blitz)"]
[EventRounds "11"]
[EventCountry "USA"]
[SourceTitle "CB18_2024"]
[SourceDate "2024.05.01"]
[SourceVersion "1"]
[SourceVersionDate "2024.05.01"]
[SourceQuality "2"]

1. d4 d5 2. c4 e6 3. Nc3 Bb4 4. Nf3 Nf6 5. Bg5 h6 6. Bxf6 Qxf6 7. e3 0-0 8. Qb3 a5 9. cxd5 exd5 10. Qxd5 Be6 11. Qxb7 Nd7 12. Bd3 Rfd8 13. 0-0 Rab8 14. Qe4 g6 15. Nd5 Qg7 16. Nxb4 Rxb4 17. Qf4 c5 18. b3 cxd4 19. Nxd4 Nc5 20. Be2 Rd5 21. Rac1 a4 22. Nxe6 Nxe6 23. Qxb4 1-0

[Event "Titled Tuesday intern op 12th Sep Late"]
[Site "Chess.com INT"]
[Date "2023.09.12"]
[Round "9"]
[White "Przybylski, Wojciech"]
[Black "Ladan, Nicholas John"]
[Result "0-1"]
[WhiteElo "2308"]
[BlackElo "2235"]
[PlyCount "96"]
[EventDate "2023.09.12"]
[EventType "swiss (blitz)"]
[EventRounds "11"]
[EventCountry "USA"]
[SourceTitle "EXT 2024"]
[Source "ChessBase"]
[SourceDate "2023.10.10"]
[SourceVersion "1"]
[SourceVersionDate "2023.10.10"]
[SourceQuality "1"]

1. d4 d5 2. c4 c6 3. Nf3 Nf6 4. Nc3 e6 5. Bg5 Nbd7 6. e3 Qa5 7. Nd2 dxc4 8. Bxf6 Nxf6 9. Nxc4 Qc7 10. Bd3 Be7 11. 0-0 0-0 12. Rc1 Rd8 13. Qe2 Bd7 14. a3 Be8 15. h3 Rac8 16. b4 b6 17. Ne5 Qb8 18. Rb1 Qa8 19. Ne4 c5 20. bxc5 Nxe4 21. cxb6 axb6 22. Rxb6 Nf6 23. Ra6 Qd5 24. Rb1 Rc3 25. a4 Ra3 26. Bc4 Qe4 27. Bd3 Qh4 28. a5 Nd5 29. Qb2 Nc3 30. Ra1 Rxa1+ 31. Qxa1 Ne4 32. Qb2 Bf6 33. Nf3 Rb8 34. Qc2 Qxf2+ 35. Qxf2 Nxf2 36. Kxf2 Rb2+ 37. Kg1 Kf8 38. Ra8 Ke7 39. a6 Bd7 40. Ra7 Kd6 41. Bf1 h5 42. Ra8 g5 43. Ne1 g4 44. Nd3 Ra2 45. Nc5 Bc6 46. Rf8 gxh3 47. gxh3 Bg5 48. Ne4+ Bxe4 0-1

[Event "Titled Tuesday intern op 12th Sep Late"]
[Site "Chess.com INT"]
[Date "2023.09.12"]
[Round "7"]
[White "Sivakumar, Shaaketh"]
[Black "Ladan, Nicholas John"]
[Result "1-0"]
[WhiteElo "2355"]
[BlackElo "2235"]
[PlyCount "83"]
[EventDate "2023.09.12"]
[EventType "swiss (blitz)"]
[EventRounds "11"]
[EventCountry "USA"]
[SourceTitle "EXT 2024"]
[Source "ChessBase"]
[SourceDate "2023.10.10"]
[SourceVersion "1"]
[SourceVersionDate "2023.10.10"]
[SourceQuality "1"]

1. e4 e5 2. Nf3 Nc6 3. Bc4 Nf6 4. c3 Nxe4 5. Qe2 d5 6. Bb5 Qf6 7. d3 Nd6 8. Bxc6+ bxc6 9. Nxe5 Be6 10. Nxc6 h5 11. Be3 h4 12. Bd4 Qg5 13. Nd2 Nf5 14. 0-0-0 Bd6 15. g3 h3 16. f4 Qh5 17. g4 Nxd4 18. Nxd4 Qxg4 19. Rde1 Qxe2 20. Rxe2 Bxf4 21. Rf1 g5 22. Kc2 Kd7 23. N2b3 Kd6 24. Nb5+ Ke7 25. N3d4 a6 26. Nc6+ Kd7 27. Nbd4 Rae8 28. Ne5+ Kd6 29. Rfe1 Bxe5 30. Rxe5 c5 31. Nf5+ Bxf5 32. Rxe8 Rxe8 33. Rxe8 g4 34. Kd2 Be6 35. Ke3 Ke5 36. d4+ cxd4+ 37. cxd4+ Kf5 38. Ra8 g3 39. hxg3 Kg4 40. Rg8+ Kf5 41. Kf3 f6 42. g4# 1-0

[Event "Titled Tuesday intern op 05th Sep Late"]
[Site "Chess.com INT"]
[Date "2023.09.05"]
[Round "3"]
[White "Rosen, Eric S"]
[Black "Ladan, Nicholas John"]
[Result "1/2-1/2"]
[WhiteElo "2341"]
[BlackElo "2235"]
[PlyCount "245"]
[EventDate "2023.09.05"]
[EventType "swiss (blitz)"]
[EventRounds "11"]
[EventCountry "USA"]
[SourceTitle "EXT 2024"]
[Source "ChessBase"]
[SourceDate "2023.10.10"]
[SourceVersion "1"]
[SourceVersionDate "2023.10.10"]
[SourceQuality "1"]

1. d3 d5 2. Nd2 Nf6 3. e3 e5 4. Ne2 Bd6 5. Ng3 0-0 6. Be2 a5 7. a4 b6 8. Nb3 Bb7 9. Bd2 Nbd7 10. c3 Re8 11. Qc2 g6 12. e4 Bf8 13. 0-0 Bg7 14. c4 dxc4 15. dxc4 Qe7 16. c5 Nxc5 17. Nxc5 Qxc5 18. Qxc5 bxc5 19. f3 Nd7 20. Bb5 Red8 21. Bg5 f6 22. Be3 Bf8 23. Rac1 Ba6 24. Ne2 Bxb5 25. axb5 Nb6 26. Bxc5 Rd2 27. Bxf8 Rxf8 28. Rf2 Rxb2 29. Rxc7 Rxb5 30. Nc3 Rb3 31. Rd2 a4 32. Nd5 Nxd5 33. Rxd5 Rf7 34. Rc8+ Kg7 35. Ra5 a3 36. Rca8 Rc7 37. Rxa3 Rc1+ 38. Kf2 Rc2+ 39. Kg3 Rbb2 40. R8a7+ Kh6 41. f4 Rxg2+ 42. Kf3 Rxh2 43. fxe5 Rh3+ 44. Kg4 Rxa3 45. Rxa3 fxe5 46. Ra5 Rg2+ 47. Kf3 Rg5 48. Ra7 Rh5 49. Kg4 Rg5+ 50. Kf3 Rg1 51. Re7 Rf1+ 52. Ke3 Rf6 53. Rxe5 Kg7 54. Re7+ Rf7 55. Re6 h5 56. Rd6 h4 57. Rd2 Kf6 58. Rf2+ Ke6 59. Rg2 Kf6 60. Rf2+ Kg7 61. Rg2 g5 62. e5 Kg6 63. Ke4 h3 64. Rg3 Rh7 65. Rg1 h2 66. Rh1 g4 67. Kf4 Rh4 68. Kg3 Kg5 69. e6 Rh3+ 70. Kg2 Re3 71. Rxh2 Re2+ 72. Kg1 Rxe6 73. Rh8 Kf4 74. Rf8+ Kg3 75. Rf1 Re2 76. Rb1 Ra2 77. Rb3+ Kh4 78. Rb1 g3 79. Kh1 Kh3 80. Kg1 Rf2 81. Rc1 Rf3 82. Rd1 Rf4 83. Rd8 Rh4 84. Rg8 Rf4 85. Rh8+ Kg4 86. Rd8 Kf3 87. Rd3+ Kg4 88. Ra3 Rb4 89. Ra1 Rb3 90. Rd1 Kf3 91. Rf1+ Kg4 92. Rc1 Rb2 93. Rc4+ Kh3 94. Rc1 g2 95. Rc3+ Kg4 96. Rc1 Kf3 97. Ra1 Re2 98. Rc1 Re3 99. Rd1 Ke2 100. Ra1 Rf3 101. Ra2+ Ke3 102. Kxg2 Rf5 103. Ra3+ Kf4 104. Ra4+ Kg5 105. Kg3 Kf6 106. Kg4 Rg5+ 107. Kf4 Rf5+ 108. Ke4 Re5+ 109. Kd4 Rf5 110. Ra6+ Kg5 111. Ke4 Rf6 112. Ra1 Kg6 113. Rg1+ Kf7 114. Ke5 Re6+ 115. Kf5 Rf6+ 116. Ke5 Re6+ 117. Kd5 Rf6 118. Rg5 Rg6 119. Rf5+ Rf6 120. Rh5 Kg6 121. Rh1 Rf5+ 122. Ke6 Rf6+ 123. Ke5 1/2-1/2